=LDR 00000nam 2200000 4500 =001 INLIS000000000025879 =005 20200803103809 =035 ##$$a 0010-061300000025879 =008 200803################g##########0#ind## =041 ##$$a Ind =082 ##$$a 2X0 =090 ##$$a 2X0, Isi m =100 ##$$a Isik, Husyein Hilmi =245 1#$$a Menjadi islam sejati . Muslim sejati, /$c Dr. Husyein Hilmi Isik =260 ##$$a Jakarta :$b Bintang Pelajar,$c 2000 =300 ##$$a 106 hlm, ; $c 13 x 20 cm =650 #4$$a Muslim sejati =850 ##$$a NBPNMAT =084 ##$$a 2X0 ISI m =990 ##$$a 160.479/pb-2001 =990 ##$$a 00053836